West Ham United Players - Sudden Death - Statistics

General Stats
  • This quiz has been taken 1,014 times
  • The average score is 11 of 20
Answers on the Grid
Answers color-coded by a green-red scale on the quiz's grid according to % correct below.
Aaron Cresswell
Aaron Lennon
Angelo Ogbonna
Billy Bonds
Bobby Moore
Carlos Tevez
Carlton Cole
David Seaman
Declan Rice
Dele Alli
Didier Drogba
Edinson Cavani
Eiður Guðjohnsen
Emile Heskey
Frank Lampard
Glenn Hoddle
Harry Kane
Harry Redknapp
Hugo Lloris
Jamie Vardy
Jarrod Bowen
Javier Mascherano
Jermaine Jenas
Joe Cole
Juan Román Riquelme
Kevin Davies
Kevin Nolan
Kyle Walker
Łukasz Fabiański
Mark Noble
Mark Schwarzer
Martin Keown
Matt Le Tissier
Michail Antonio
Neymar
Papiss Demba Cissé
Pat Jennings
Phil Neville
Robert Green
Shay Given
Theo Walcott
Tim Cahill
Tom Huddlestone
Tomáš Souček
Tony Adams
Trevor Brooking
Vladimír Coufal
Wilfried Bony
 
Answer Stats
Answer % Correct
Aaron Cresswell
89%
Declan Rice
80%
Angelo Ogbonna
74%
Carlos Tevez
72%
Bobby Moore
66%
Jarrod Bowen
66%
Łukasz Fabiański
59%
Mark Noble
59%
Frank Lampard
58%
Michail Antonio
58%
Tomáš Souček
57%
Vladimír Coufal
55%
Carlton Cole
49%
Javier Mascherano
49%
Joe Cole
44%
Billy Bonds
41%
Kevin Nolan
39%
Harry Redknapp
30%
Robert Green
30%
Trevor Brooking
28%
No matching quizzes found
Score Distribution
Percent of People with Each Score
Percentile by Number Answered
Your Score History
You have not taken this quiz